<Le> rôle de la marque pays dans le contexte de la présentation de la Slovaquie a l'étranger diplomová práca

Enregistré dans:
Détails bibliographiques
Auteur principal: Pálková, Denisa
Collectivité auteur: Ekonomická univerzita v Bratislave. Ústav medzinárodných programov
Autres auteurs: Kita, Jaroslav
Format: Livre
Langue:français
Publié: Bratislava 2013
Tags: Ajouter un tag
Pas de tags, Soyez le premier à ajouter un tag!

MARC

LEADER 00000nbm a2200000 4500
001 0175982
005 20170314104627.8
041 0 |a fre 
044 |a SK 
245 1 0 |a <Le> rôle de la marque pays dans le contexte de la présentation de la Slovaquie a l'étranger  |b diplomová práca  |c Denisa Pálková ; školiteľ: Jaroslav Kita 
264 1 |a Bratislava  |c 2013 
300 |a 80 s. 
100 1 |a Pálková, Denisa 
700 1 |a Kita, Jaroslav 
710 2 |a Ekonomická univerzita v Bratislave. Ústav medzinárodných programov